Modifikácia tribologických vlastností nástrojových ocelí laserovým textúrovaním

Saved in:
Bibliographic Details
Main Author: Frnčík, Martin, 1991- (Author)
Other Authors: Šugárová, Jana, 1970- (Thesis advisor)
Format: Manuscript Book
Language:Slovak
Published: 2015
Subjects:
Online Access:http://is.stuba.sk/zp/portal_zp.pl?podrobnosti=109874
Tags: Add Tag
No Tags, Be the first to tag this record!

MARC

LEADER 00000ntm a22000003a 4500
001 stuzp51109
003 SK-STU
005 20160719153745.2
007 ta
008 150427s2015----xo-----f-mn---000-0-slo-d
040 |a STU  |b slo 
041 0 |a slo 
100 1 |a Frnčík, Martin,  |d 1991-  |u 063000  |4 aut  |U MTF Materiálovotechnologická fakulta  |T MTF Ústav výrobných technológií  |X 6627  |U M3000  |Y 83  |7 A000006627 
242 0 1 |a Modification of tribological properties of tool steels by laser surface texturing  |y eng 
245 1 0 |a Modifikácia tribologických vlastností nástrojových ocelí laserovým textúrovaním 
260 |c 2015 
650 4 |a mazivá  |2 slo 
650 4 |a povlakovanie  |2 slo 
650 4 |a LST  |2 slo 
650 4 |a koeficient trenia f  |2 slo 
650 4 |a Ring Test  |2 slo 
650 4 |a lubricants  |2 eng 
650 4 |a coating  |2 eng 
650 4 |a LST  |2 eng 
650 4 |a Ring Test  |2 eng 
650 4 |a friction coefficient  |2 eng 
700 1 |a Šugárová, Jana,  |d 1970-  |4 ths  |X 54646  |7 A000054646 
856 4 |u http://is.stuba.sk/zp/portal_zp.pl?podrobnosti=109874 
996 |c M* DP-12294  |l MMSKP  |s P  |a 0  |w stuzp51109_0001 
SQL |a stuzp51109  |b DDP  |c SLO  |d Modifikácia tribologických vlastností nástrojových ocelí laserovým textúrovaním  |e 6627  |f Frnčík, Martin  |g 063000  |h 54646  |i Šugárová, Jana  |j 20150603  |k 186  |l 06  |m http://is.stuba.sk/zp/portal_zp.pl?podrobnosti=109874  |n I-OAM  |o 5.2.51. výrobné technológie